| 000 | 00389nam a2200145Ia 4500 | ||
|---|---|---|---|
| 008 | 230718s9999 xx 000 0 und d | ||
| 041 | _aeng | ||
| 082 |
_a355.52 _bDEB |
||
| 100 |
_aDebono E. _9125365 |
||
| 245 | _aTachcs The Art And Science Of Success | ||
| 260 |
_c1999 _bHarper And Rao |
||
| 365 |
_cRs. _b150.00 |
||
| 700 |
_aDebono E _9125365 |
||
| 906 |
_dB:368121-Mar-2000 _cOTH _b22.5 |
||
| 999 |
_c300199 _d300199 |
||